000
00297nam a2200133Ia 4500
008
191201s2011 xx 000 0 und d
082
_a
621
_b
HMT
100
_a
HMT, Bangalore
245
0
_a
Mechatronics
250
_a
19th rep
260
_c
2011
_b
TMH
_a
NEW DELHI
300
_a
461
942
_2
ddc
_c
BK
999
_c
8019
_d
8019